| 000 | 00740cab a2200217 4500 | ||
|---|---|---|---|
| 001 | WB3421-40 | ||
| 008 | 090401t1998 xxu||||| |||| 00| 0 eng d | ||
| 035 | _a(Sirsi) u86580 | ||
| 041 | _aeng | ||
| 245 | _aCall to outlaw rogue agents | ||
| 260 | _c1998 | ||
| 350 | _a0 | ||
| 490 |
_aNegotiator _v13(11) 29 May 1998, 1(1) |
||
| 520 | _aLeading representatives of the estate agency profession are calling for legislation to outlaw rogue letting agents. They are going to lobby government to introduce an `Estate Agent Super Act`. | ||
| 650 | _aESTATE AGENT SUPER ACT | ||
| 650 | _aESTATE AGENTS | ||
| 650 | _aLETTING AGENTS | ||
| 690 | _aMANAGEMENT-BUSINESS MANAGEMENT-PROFESSIONAL PRACTICE | ||
| 942 | _n0 | ||
| 948 | _c03/06/1998 | ||
| 999 |
_c54508 _d54508 |
||